000 00590nam a22002057a 4500
008 131112b xxu||||| |||| 00| 0 eng d
020 _a0799255393
041 0 _aeng
080 _a347
_x(094.9)
245 _aUK & EC competition documents /
_cedt. Kristy Middleton
250 _a2nd edition
260 _aNew York :
_bOxford university press ;
_c2002.
300 _a646 f. :
_c22 cm.
500 _aEditor's preface : f. [VII]
505 _aIncludes index
650 _aKonkurrenca
650 _aMarrëdhënet ekonomike ndërkombëtare
700 1 _aMiddleton, Kristy
942 _2udc
_cBK
999 _c291
_d291